Logo BPK

Biblioteka

Politechniki Koszalińskiej

Minerały wieku żelaza : (Rekord nr 33956)

Szczegóły MARC
000 -ETYKIETA REKORDU
podpole kontrolne o stałej długości 00616nam a2200217 i 4500
001 - NUMER KONTROLNY REKORDU
pole kontrolne bg
020 ## - MIĘDZYNARODOWY ZNORMALIZOWANY NUMER KSIĄŻKI - ISBN
ISBN 8386986263
040 ## - ŹRÓDŁO KATALOGOWANIA
Instytucja, która utworzyła rekord BPK
041 0# - KOD JĘZYKA
Kod języka tekstu pl
080 ## - UNIWERSALNA KLASYFIKACJA DZIESIĘTNA - UKD
UKD 553:549
920 ## - Międzynarodowy znormalizowany numer książki – ISBN
ISBN 83-86986-26-3
008 - POLE O STAŁEJ DŁUGOŚCI - DANE KONTROLNE
podpole kontrolne o stałej długości s pl f |000 0 pol
100 1# - NAZWA OSOBOWA
Nazwa osobowa SYLWESTRZAK, Hubert.
Daty związane z nazwą (1933-2009).
245 10 - TYTUŁ/ODPOWIEDZIALNOŚĆ
Tytuł Minerały wieku żelaza :
Ciąg dalszy tytułu magnetyt, hematyt, limonit, syderyt /
Pozostałe elementy strefy tytułu i oznaczenia odpowiedzialności Hubert Sylwestrzak.
260 ## - STREFA ADRESU WYDAWNICZEGO
Miejsce wydania Warszawa :
Nazwa wydawcy/dystrybutora Państ. Instytut Geologiczny,
Data publikacji, dystrybucji/powstania dokumentu 1998.
300 ## - STREFA OPISU FIZYCZNEGO
Objętość 24 s. :
Inne cechy fizyczne rys. ;
Rozmiary 19 cm.
490 1# - STREFA SERII I DOKUMENTU WIELOCZĘŚCIOWEGO - FORMA NIE DO WYSZUKIWANIA
Tytuł i oznaczenie odpowiedzialności serii Minerały ;
Numeracja w obrębie serii z. 18
650 #9 - HASŁO PRZEDMIOTOWE W FORMIE NAZWY OGÓLNEJ LUB JEDNOSTKOWEJ
Nazwa ogólna lub geograficzna Minerały
830 #0 - HASŁO DODATKOWE SERII LUB DOKUMENTU WIELOCZĘŚCIOWEGO - TYTUŁ UJEDNOLICONY
Tytuł ujednolicony Minerały ;
Oznaczenie tomu z. 18
856 ## - LOKALIZACJA I DOSTĘP DO ELEKTRONICZNYCH DOKUMENTÓW ZDALNYCH
Link (URL) http://koha.tu.koszalin.pl/cgi-bin/koha/opac-detail.pl?biblionumber=33956
Tekst linku Katalog online BPK
942 ## - DODATKOWE ELEMENTY (KOHA)
Typ dokumentu Książka
Egzemplarze
Wycofany Status egzemplarza Uszkodzony Dostępność Lokalizacja stała Lokalizacja bieżąca Miejsce przechowywania Sygnatura Kod kreskowy Dział Typ dokumentu
      Tylko na miejscu Biblioteka Politechniki Koszalińskiej Biblioteka Politechniki Koszalińskiej Czytelnia BG 45775 01363234 548/549 Krystalografia. Mineralogia Książka
© 2023 Biblioteka Politechniki Koszalińskiej :: KOHA